000
00309nam a22001217a 4500
020
_a
9788120330856
050
_a
QA76.64
_b
J23 2010
100
_a
Jagadev, A.K.
245
_a
Object-Oriented Programming Using C++
260
_a
New Delhi
_b
PHI Learning
_c
2007
300
_a
Includes Bibliography and Index
942
_c
GEN
999
_c
1
_d
1